[Event "BCF-chT2b 1819 (4NCL)"]
[Site "England"]
[Date "2019.02.09"]
[Round "5.78"]
[White "Hafstad, Leif"]
[Black "Higgs, Anthony"]
[Result "0-1"]
[WhiteElo "1890"]
[BlackElo "2020"]
[PlyCount "90"]
[EventDate "2018.11.10"]
[EventType "team-tourn"]
[EventRounds "11"]
[EventCountry "ENG"]
[SourceTitle "EXT 2021"]
[Source "ChessBase"]
[SourceDate "2020.10.23"]
[SourceVersion "1"]
[SourceVersionDate "2020.10.23"]
[SourceQuality "1"]
[WhiteTeam "West is Best II"]
[BlackTeam "Sussex Martlets"]
[WhiteTeamCountry "ENG"]
[BlackTeamCountry "ENG"]

1. e4 d6 2. d4 Nf6 3. Nc3 Nbd7 4. Nf3 e5 5. Bc4 h6 6. 0-0 Be7 7. Re1 c6 8. a4 Qc7 9. Ba2 Nf8 10. Nh4 g6 11. h3 Nh5 12. Nf3 Ne6 13. b4 Nef4 14. Ne2 0-0 15. Nxf4 Nxf4 16. Bxf4 exf4 17. Qd2 g5 18. c4 a5 19. b5 c5 20. e5 cxd4 21. Qxd4 dxe5 22. Qxe5 Qxe5 23. Nxe5 Bb4 24. Rec1 Ba3 25. Rc2 Bf5 26. Re2 Bc5 27. Nf3 Rfe8 28. Rae1 Rxe2 29. Rxe2 b6 30. Bb3 Rd8 31. Rd2 Rxd2 32. Nxd2 Bd3 33. Nf3 f6 34. Ne1 Be2 35. Nf3 Kf8 36. Nd2 Bd3 37. Nf1 Ke7 38. g3 fxg3 39. Nxg3 Ke6 40. Kg2 Ke5 41. Kf3 f5 42. Kg2 Kd4 43. Kf3 Kc3 44. Bd1 Kd2 45. Be2 Be4+ 0-1

[Event "BCF-chT3Sb 1819 (4NCL)"]
[Site "England"]
[Date "2019.01.13"]
[Round "4.83"]
[White "Higgs, Anthony"]
[Black "Thompson, Ian D"]
[Result "1/2-1/2"]
[WhiteElo "2027"]
[BlackElo "2121"]
[PlyCount "108"]
[EventDate "2018.11.17"]
[EventType "team-tourn"]
[EventRounds "7"]
[EventCountry "ENG"]
[SourceTitle "EXT 2021"]
[Source "ChessBase"]
[SourceDate "2020.10.23"]
[SourceVersion "1"]
[SourceVersionDate "2020.10.23"]
[SourceQuality "1"]
[WhiteTeam "Sussex Martlets II"]
[BlackTeam "CSC"]
[WhiteTeamCountry "ENG"]
[BlackTeamCountry "ENG"]

1. d4 d5 2. Bf4 Nf6 3. e3 g6 4. Bd3 Bg7 5. Nd2 0-0 6. h3 c5 7. c3 Qb6 8. Rb1 Nc6 9. Ngf3 Re8 10. 0-0 a5 11. Re1 Nd7 12. e4 dxe4 13. Nc4 Qd8 14. Bxe4 cxd4 15. Nxd4 Nxd4 16. cxd4 Nf6 17. Bf3 Be6 18. Rc1 Rc8 19. b3 Bd5 20. Be5 Rc6 21. Qd3 Bh6 22. Rcd1 Bxf3 23. Qxf3 Nd5 24. Ne3 Nxe3 25. fxe3 Rc2 26. Qxb7 Rxa2 27. Rc1 Qa8 28. Rc7 Qxb7 29. Rxb7 Kf8 30. e4 Rc8 31. Rc7 Rxc7 32. Bxc7 a4 33. bxa4 Rxa4 34. d5 Rc4 35. Bb6 Bd2 36. Re2 Bf4 37. Bf2 h5 38. g3 Be5 39. Kg2 Ke8 40. g4 hxg4 41. hxg4 Kd7 42. Kf3 e6 43. dxe6+ Kxe6 44. Ra2 Rc3+ 45. Kg2 Rc6 46. Ra5 f6 47. Rb5 Rc2 48. Kf3 Rc3+ 49. Kg2 g5 50. Rb6+ Kf7 51. Ra6 Rc2 52. Kf3 Kg6 53. Re6 Kf7 54. Ra6 Kg6 1/2-1/2

[Event "BCF-chT3Sb 1819 (4NCL)"]
[Site "England"]
[Date "2018.11.18"]
[Round "2.64"]
[White "Higgs, Anthony"]
[Black "Shepherd, Tom"]
[Result "1-0"]
[WhiteElo "2027"]
[BlackElo "1982"]
[PlyCount "89"]
[EventDate "2018.11.17"]
[EventType "team-tourn"]
[EventRounds "7"]
[EventCountry "ENG"]
[SourceTitle "EXT 2021"]
[Source "ChessBase"]
[SourceDate "2020.10.23"]
[SourceVersion "1"]
[SourceVersionDate "2020.10.23"]
[SourceQuality "1"]
[WhiteTeam "Sussex Martlets II"]
[BlackTeam "Oxford II"]
[WhiteTeamCountry "ENG"]
[BlackTeamCountry "ENG"]

1. d4 d5 2. Bf4 Nf6 3. e3 e6 4. c3 Bd6 5. Bd3 0-0 6. Nd2 c5 7. Ne2 Nc6 8. Nf3 Re8 9. 0-0 e5 10. dxe5 Nxe5 11. Nxe5 Bxe5 12. Qd2 Bd7 13. Rad1 Bc6 14. Bb1 Qe7 15. Qc2 g6 16. h3 Rad8 17. Bg5 b6 18. Rfe1 Qb7 19. f4 d4 20. fxe5 d3 21. Qc1 Bxg2 22. Nf4 Bxh3 23. Bxf6 Qf3 24. Qd2 Qg3+ 25. Ng2 Rd5 26. Qf2 Qg4 27. Rxd3 Rdxe5 28. Bxe5 Rxe5 29. Rd2 Bxg2 30. Qxg2 Qh5 31. Qa8+ Kg7 32. Be4 Qh4 33. Rf2 Rxe4 34. Qd5 Qg3+ 35. Kf1 Qh3+ 36. Rg2 Qh1+ 37. Kf2 Qh4+ 38. Ke2 Rxe3+ 39. Kxe3 Qxe1+ 40. Re2 Qg3+ 41. Kd2 Qf4+ 42. Kc2 Qa4+ 43. Kb1 Qg4 44. Qe5+ Kg8 45. Rd2 1-0

[Event "BCF-chT3S 1718 (4NCL) Demotion pool"]
[Site "England"]
[Date "2018.05.05"]
[Round "9.51"]
[White "Peck, Silas"]
[Black "Higgs, Anthony"]
[Result "1-0"]
[WhiteElo "2001"]
[BlackElo "1951"]
[PlyCount "83"]
[EventDate "2017.11.11"]
[EventType "team-tourn"]
[EventRounds "11"]
[EventCountry "ENG"]
[SourceTitle "EXT 2020"]
[Source "ChessBase"]
[SourceDate "2019.10.17"]
[SourceVersion "1"]
[SourceVersionDate "2019.10.17"]
[SourceQuality "1"]
[WhiteTeam "Anglian Avengers II"]
[BlackTeam "Sussex Martlets II"]
[WhiteTeamCountry "ENG"]
[BlackTeamCountry "ENG"]

1. e4 d6 2. d4 Nf6 3. Nc3 e5 4. Nf3 Nbd7 5. Bc4 h6 6. 0-0 Be7 7. dxe5 dxe5 8. Qe2 c6 9. Rd1 Qc7 10. a4 Nf8 11. Nh4 g6 12. h3 Ne6 13. Be3 Nh5 14. Nf3 Nhf4 15. Qd2 0-0 16. Ne2 Kh7 17. Qc3 Nxe2+ 18. Bxe2 f6 19. a5 Ng5 20. Nxg5+ hxg5 21. f3 Be6 22. a6 b6 23. Bc4 Bd7 24. Rd3 Rad8 25. Rad1 Bc8 26. Rxd8 Bxd8 27. Qa3 Be7 28. Qa2 Rd8 29. Rxd8 Qxd8 30. Be6 Qd1+ 31. Kh2 Bc5 32. Bxc5 Bxe6 33. Qxe6 bxc5 34. Qf7+ Kh6 35. Qxf6 Kh7 36. Qe7+ Kg8 37. Qxc5 Qc1 38. Qxe5 Qxc2 39. Qb8+ Kf7 40. Qxa7+ Ke6 41. Qb8 g4 42. fxg4 1-0

[Event "BCF-chT3 1314 (4NCL)"]
[Site "England"]
[Date "2014.03.23"]
[Round "8.129"]
[White "Higgs, Anthony"]
[Black "McCarthy, Damian"]
[Result "1/2-1/2"]
[WhiteElo "1982"]
[BlackElo "1901"]
[PlyCount "65"]
[EventDate "2013.11.16"]
[EventType "team-swiss"]
[EventRounds "11"]
[EventCountry "ENG"]
[SourceTitle "EXT 2015"]
[Source "ChessBase"]
[SourceDate "2014.11.20"]
[SourceVersion "1"]
[SourceVersionDate "2014.11.20"]
[SourceQuality "1"]
[WhiteTeam "Sussex Smart Survivors"]
[BlackTeam "Bradford DCA Knights II"]
[WhiteTeamCountry "ENG"]
[BlackTeamCountry "ENG"]

1. d4 Nf6 2. c4 e6 3. Nc3 Bb4 4. Qc2 Nc6 5. Nf3 0-0 6. a3 Bxc3+ 7. Qxc3 Ne4 8. Qc2 f5 9. e3 d6 10. b3 Qe7 11. Bb2 e5 12. d5 Nb8 13. Be2 a5 14. 0-0 Na6 15. Ne1 Bd7 16. f3 Nf6 17. e4 fxe4 18. fxe4 Rf7 19. b4 Raf8 20. Bc3 axb4 21. axb4 Ng4 22. Rxf7 Qxf7 23. Nf3 Qg6 24. Qd3 Qh6 25. h3 Nf6 26. Nd2 Nh5 27. Bxh5 Qxh5 28. Rf1 Rxf1+ 29. Nxf1 Qg5 30. Bd2 Qf6 31. Qg3 h6 32. Ne3 Kh7 33. Nd1 1/2-1/2

[Event "BCF-chT3S 1112 (4NCL)"]
[Site "England"]
[Date "2012.02.12"]
[Round "6.5"]
[White "Zhou, Yang Jian"]
[Black "Higgs, Anthony"]
[Result "0-1"]
[WhiteElo "1578"]
[BlackElo "1987"]
[PlyCount "84"]
[EventDate "2011.11.12"]
[EventType "team-swiss"]
[EventRounds "6"]
[EventCountry "ENG"]
[SourceTitle "EXT 2013"]
[Source "ChessBase"]
[SourceDate "2012.11.22"]
[SourceVersion "1"]
[SourceVersionDate "2012.11.22"]
[SourceQuality "1"]
[WhiteTeam "Metropolitan"]
[BlackTeam "Guildford III"]
[WhiteTeamCountry "ENG"]
[BlackTeamCountry "ENG"]

1. c4 c5 2. Nc3 Nc6 3. Nf3 g6 4. g3 Bg7 5. Bg2 e5 6. d3 d6 7. 0-0 Nge7 8. Bd2 0-0 9. Qc1 Nf5 10. e4 Nfd4 11. Bh6 Rb8 12. Bxg7 Kxg7 13. Nxd4 Nxd4 14. Qd2 a6 15. Ne2 b5 16. Nxd4 cxd4 17. cxb5 Rxb5 18. a4 Rb3 19. Qc2 Qb6 20. Rfb1 Be6 21. Bf3 Rb8 22. Rc1 Rxb2 23. Qc6 a5 24. Qxb6 R8xb6 25. Kf1 Kf6 26. h4 h5 27. Kg2 Rd2 28. Rd1 Rbb2 29. Rxd2 Rxd2 30. Ra3 Ra2 31. Rxa2 Bxa2 32. Bd1 Bb1 33. f3 Bxd3 34. Kf2 Bc4 35. Ke1 Ke6 36. Kd2 d5 37. exd5+ Kxd5 38. Bc2 Kc5 39. Kc1 Kb4 40. Be4 Kxa4 41. Bc6+ Kb3 42. Be8 a4 0-1

[Event "Gatwick e2e4 op-A"]
[Site "Gatwick"]
[Date "2011.06.18"]
[Round "3"]
[White "Savage, Nicholas W"]
[Black "Higgs, Anthony"]
[Result "1/2-1/2"]
[WhiteElo "2134"]
[BlackElo "1976"]
[PlyCount "83"]
[EventDate "2011.06.17"]
[EventType "swiss"]
[EventRounds "5"]
[EventCountry "ENG"]
[SourceTitle "CBM 143 Extra"]
[Source "ChessBase"]
[SourceDate "2011.08.29"]
[SourceVersion "1"]
[SourceVersionDate "2011.08.29"]
[SourceQuality "1"]

1. d4 Nf6 2. c4 c5 3. d5 e5 4. Nc3 d6 5. e4 Be7 6. g3 Nbd7 7. Bg2 a6 8. Nge2 Nf8 9. 0-0 Ng6 10. a3 Bd7 11. Rb1 0-0 12. b4 b6 13. bxc5 bxc5 14. Bd2 Qc7 15. Qc2 Rab8 16. Rxb8 Rxb8 17. Rb1 h6 18. Rxb8+ Qxb8 19. Qb1 Qxb1+ 20. Nxb1 Bd8 21. f3 Kf8 22. Kf2 Ke8 23. Bf1 Bc7 24. Ke3 Kd8 25. Nc1 Kc8 26. Nd3 Kb7 27. Be2 Kb6 28. Bd1 Kb7 29. Bc3 Bb6 30. Nd2 Ne8 31. f4 f6 32. f5 Ne7 33. Bh5 Nc7 34. Nf3 Na8 35. h4 Bd8 36. g4 Nb6 37. Nb2 Na4 38. Nxa4 Bxa4 39. g5 hxg5 40. hxg5 Nc8 41. gxf6 Bxf6 42. Ba5 1/2-1/2

[Event "BCF-chT3 1011 (4NCL)"]
[Site "England"]
[Date "2011.02.19"]
[Round "5.39"]
[White "Page, Mark"]
[Black "Higgs, Anthony"]
[Result "0-1"]
[WhiteElo "2046"]
[BlackElo "1976"]
[PlyCount "80"]
[EventDate "2010.11.06"]
[EventType "team-swiss"]
[EventRounds "9"]
[EventCountry "ENG"]
[SourceTitle "EXT 2012"]
[Source "ChessBase"]
[SourceDate "2011.11.24"]
[SourceVersion "1"]
[SourceVersionDate "2011.11.24"]
[SourceQuality "1"]
[WhiteTeam "Warwicks Select II"]
[BlackTeam "Guildford A&DC III"]
[WhiteTeamCountry "ENG"]
[BlackTeamCountry "ENG"]

1. e4 d6 2. d4 Nf6 3. Nc3 e5 4. Nf3 Nbd7 5. Bc4 h6 6. 0-0 Be7 7. Re1 c6 8. a4 Qc7 9. a5 Nf8 10. h3 g5 11. Nh2 Ng6 12. b3 Nf4 13. Bb2 Rg8 14. dxe5 dxe5 15. Ng4 Nxg4 16. hxg4 Bd7 17. g3 Qc8 18. f3 h5 19. Na4 Nh3+ 20. Kh2 hxg4 21. Bxe5 Be6 22. Qd4 Bxc4 23. bxc4 gxf3 24. Rad1 Nf4 25. gxf4 Qg4 26. Qd7+ Qxd7 27. Rxd7 Kxd7 28. f5 Rae8 29. Rb1 Bb4 30. Bg3 Bxa5 31. Rxb7+ Kd8 32. Rxa7 Rh8+ 33. Kg1 Rh3 34. Kf2 Be1+ 35. Kxe1 Rxg3 36. Ra8+ Ke7 37. Ra7+ Kf8 38. Kf2 Rh3 39. Nc5 g4 40. Rc7 Rh2+ 0-1

[Event "BCF-chT3 1011 (4NCL)"]
[Site "England"]
[Date "2011.01.15"]
[Round "3.32"]
[White "Fathallah, Joe"]
[Black "Higgs, Anthony"]
[Result "1/2-1/2"]
[WhiteElo "1906"]
[BlackElo "1976"]
[PlyCount "69"]
[EventDate "2010.11.06"]
[EventType "team-swiss"]
[EventRounds "9"]
[EventCountry "ENG"]
[SourceTitle "EXT 2012"]
[Source "ChessBase"]
[SourceDate "2011.11.24"]
[SourceVersion "1"]
[SourceVersionDate "2011.11.24"]
[SourceQuality "1"]
[WhiteTeam "Celtic Tigers"]
[BlackTeam "Guildford A&DC III"]
[WhiteTeamCountry "ENG"]
[BlackTeamCountry "ENG"]

1. d4 Nf6 2. c4 c5 3. d5 e5 4. Nc3 d6 5. e4 Nbd7 6. f3 Be7 7. Be3 a6 8. Bd3 0-0 9. Nge2 Ne8 10. Qd2 Kh8 11. g4 Rb8 12. Ng3 g6 13. 0-0-0 Ng7 14. Rdg1 Nf6 15. Bg5 Nxd5 16. Bxe7 Nxe7 17. h4 Ne6 18. g5 Nf4 19. h5 Be6 20. hxg6 fxg6 21. Nd5 Nexd5 22. cxd5 Bd7 23. Nf5 Nxd3+ 24. Qxd3 Bxf5 25. exf5 Rxf5 26. f4 Qg8 27. Rh6 exf4 28. Rgh1 Re8 29. Rxh7+ Qxh7 30. Rxh7+ Kxh7 31. Qh3+ Kg8 32. Qh6 Ref8 33. Qxg6+ Kh8 34. Qh6+ Kg8 35. Qg6+ 1/2-1/2

[Event "BCF-chT3 1011 (4NCL)"]
[Site "England"]
[Date "2010.11.07"]
[Round "2.33"]
[White "Higgs, Anthony"]
[Black "Cresswell, Michael"]
[Result "1-0"]
[WhiteElo "1976"]
[BlackElo "1876"]
[PlyCount "133"]
[EventDate "2010.11.06"]
[EventType "team-swiss"]
[EventRounds "9"]
[EventCountry "ENG"]
[SourceTitle "CBM 139 Extra"]
[Source "ChessBase"]
[SourceDate "2011.01.05"]
[SourceVersion "1"]
[SourceVersionDate "2011.01.05"]
[SourceQuality "1"]
[WhiteTeam "Guildford A&DC III"]
[BlackTeam "AMCA Hippos"]
[WhiteTeamCountry "ENG"]
[BlackTeamCountry "ENG"]

1. e4 Nf6 2. e5 Nd5 3. a4 a5 4. Bc4 e6 5. Nf3 Nb6 6. Bb3 d6 7. 0-0 dxe5 8. Nxe5 N8d7 9. d4 Nxe5 10. dxe5 Qxd1 11. Rxd1 Be7 12. Nc3 Bd7 13. Be3 0-0-0 14. Bxb6 cxb6 15. Ne4 Bc6 16. Nd6+ Bxd6 17. exd6 Rd7 18. Rd4 Rhd8 19. Rad1 Kb8 20. f4 Bd5 21. c4 Bc6 22. Kf2 Re8 23. Bc2 e5 24. fxe5 Rxe5 25. g3 Re6 26. b3 Rf6+ 27. Kg1 g6 28. R1d2 Rf3 29. R2d3 Rxd3 30. Bxd3 f5 31. Kf2 Kc8 32. Ke3 Rd8 33. Kf4 Re8 34. Bf1 Re4+ 35. Rxe4 fxe4 36. Bh3+ Kd8 37. Be6 h6 38. h4 Ke8 39. Ke3 Kd8 40. Ke2 Ke8 41. Kd2 Kd8 42. Ke3 Ke8 43. Bd5 Kd7 44. g4 Kxd6 45. Kxe4 Bd7 46. g5 hxg5 47. hxg5 Kc5 48. Ke5 Kb4 49. Kf6 Bf5 50. Bf7 Bc2 51. Bxg6 Bxb3 52. Be8 Bxc4 53. g6 Bd3 54. g7 Bh7 55. Kf7 Kc5 56. g8Q Bxg8+ 57. Kxg8 Kd6 58. Kf7 Kc7 59. Bb5 Kc8 60. Ke7 Kc7 61. Ke6 Kd8 62. Kd6 Kc8 63. Be8 Kb8 64. Bd7 Ka7 65. Kc7 Ka6 66. Bc8 b5 67. Bxb7+ 1-0

[Event "Uxbridge Tal"]
[Site "Uxbridge"]
[Date "2010.02.15"]
[Round "4"]
[White "Higgs, Anthony"]
[Black "McKenna, Jason P"]
[Result "1/2-1/2"]
[WhiteElo "1962"]
[BlackElo "2147"]
[PlyCount "63"]
[EventDate "2010.02.13"]
[EventType "tourn"]
[EventRounds "9"]
[EventCountry "ENG"]
[SourceTitle "CBM 135 Extra"]
[Source "ChessBase"]
[SourceDate "2010.05.04"]
[SourceVersion "1"]
[SourceVersionDate "2010.05.04"]
[SourceQuality "1"]

1. e4 g6 2. d4 Bg7 3. Nc3 d6 4. Be2 Nf6 5. Be3 c6 6. Qd2 b5 7. f3 Nbd7 8. Nd1 a6 9. Nf2 Nb6 10. Ngh3 Qc7 11. 0-0 0-0 12. c3 e5 13. Bh6 Re8 14. Bxg7 Kxg7 15. dxe5 dxe5 16. Ng4 Bxg4 17. fxg4 Nxe4 18. Qe3 Nf6 19. Qf2 Nbd5 20. Qh4 Rad8 21. Rae1 e4 22. b3 Qe5 23. c4 Ne3 24. g5 Ng8 25. Rf4 Rd2 26. Nf2 Rxe2 27. Rxe2 Qa1+ 28. Nd1 Qxd1+ 29. Qe1 Qxe1+ 30. Rxe1 Nf5 31. Rfxe4 Rd8 32. Re8 1/2-1/2

[Event "Uxbridge Tal"]
[Site "Uxbridge"]
[Date "2010.02.15"]
[Round "5"]
[White "Tart, Peter K"]
[Black "Higgs, Anthony"]
[Result "1/2-1/2"]
[WhiteElo "2078"]
[BlackElo "1962"]
[PlyCount "34"]
[EventDate "2010.02.13"]
[EventType "tourn"]
[EventRounds "9"]
[EventCountry "ENG"]
[SourceTitle "CBM 135 Extra"]
[Source "ChessBase"]
[SourceDate "2010.05.04"]
[SourceVersion "1"]
[SourceVersionDate "2010.05.04"]
[SourceQuality "1"]

1. e4 d6 2. d4 Nf6 3. Nc3 e5 4. dxe5 dxe5 5. Qxd8+ Kxd8 6. Nf3 Bd6 7. Bc4 Be6 8. Bxe6 fxe6 9. Bg5 a6 10. 0-0-0 Ke7 11. Ne1 Nc6 12. Nd3 h6 13. Bd2 Raf8 14. f4 Nd7 15. g3 Rf7 16. Be3 Rhf8 17. a3 b5 1/2-1/2

[Event "BCF-chT2b 0910 (4NCL)"]
[Site "England"]
[Date "2009.10.24"]
[Round "1.4"]
[White "Brown, Alan M"]
[Black "Higgs, Anthony"]
[Result "1-0"]
[WhiteElo "2109"]
[BlackElo "1967"]
[PlyCount "71"]
[EventDate "2009.10.24"]
[EventType "team-tourn"]
[EventRounds "11"]
[EventCountry "ENG"]
[SourceTitle "EXT 2010"]
[Source "ChessBase"]
[SourceDate "2010.11.25"]
[SourceVersion "1"]
[SourceVersionDate "2010.11.25"]
[SourceQuality "1"]
[WhiteTeam "FCA Solutions"]
[BlackTeam "Guildford III"]
[WhiteTeamCountry "ENG"]
[BlackTeamCountry "ENG"]

1. d4 Nf6 2. c4 c5 3. d5 b5 4. cxb5 a6 5. b6 Qxb6 6. Nc3 g6 7. e4 d6 8. Be2 Bg7 9. Nf3 0-0 10. 0-0 Nbd7 11. Rb1 Re8 12. Bf4 Bb7 13. Nd2 Rac8 14. Nc4 Qc7 15. Be3 Ne5 16. Nxe5 dxe5 17. Bc4 Qd6 18. f3 Nd7 19. Na4 Rb8 20. Qe2 Rec8 21. Rfc1 Rc7 22. Qe1 Bc8 23. Qa5 Bf8 24. Bf1 e6 25. dxe6 fxe6 26. b4 c4 27. Rxc4 Rxc4 28. Bxc4 Qc6 29. Bf1 Qc2 30. Rb2 Qd1 31. b5 axb5 32. Rxb5 Rxb5 33. Qxb5 Nb8 34. Nc5 Qe1 35. Bf2 Qc1 36. Qxb8 1-0